El diagnóstico neuropsicológico de Luria: pruebas de exploración, conducta del paciente y localización cerebral de los trastornos neurosicológicos en una síntesis práctica. Manual
Saved in:
| Main Author: | |
|---|---|
| Format: | Book |
| Language: | Spanish |
| Published: |
Madrid
Visor
1987
|
| Edition: | 2a. ed |
| Series: | Coleccion Aprendizaje
|
| Subjects: | |
| Tags: |
Add Tag
No Tags, Be the first to tag this record!
|
MARC
| LEADER | 00000nam a2200000 a 4500 | ||
|---|---|---|---|
| 001 | UCL4673 | ||
| 003 | CL-VaPUC | ||
| 008 | 040123e19870000SP |||||||||||||||||spa|d | ||
| 082 | 0 | 4 | |a 616.84 |b CHR |2 21 |
| 100 | 0 | |a Christensen, Anne-Lise |e author |9 482307 | |
| 245 | 1 | 3 | |a El diagnóstico neuropsicológico de Luria: pruebas de exploración, conducta del paciente y localización cerebral de los trastornos neurosicológicos en una síntesis práctica. Manual |
| 250 | |a 2a. ed | ||
| 300 | |a 53 p | ||
| 942 | |c BK | ||
| 945 | |d 20040123 00:00:00 |a cmena | ||
| 260 | |a Madrid |b Visor |c 1987 | ||
| 500 | |a Incluye estuche de madera que contiene , 4 cuadernillos de pruebas y 15 sobres con tarjetas para pruebas | ||
| 650 | 7 | |a EXAMEN NEUROLOGICO |2 CL-VaPUC |9 326205 | |
| 650 | 7 | |a DAÑO CEREBRAL |2 CL-VaPUC |9 326206 | |
| 583 | |a last modification |c 20140711 03:11:31 |k Rodrigo Vera | ||
| 490 | 0 | |a Coleccion Aprendizaje | |
| 999 | |c 307473 |d 307471 | ||
| 952 | |0 0 |1 0 |4 0 |6 616_840000000000000_CHR_1987 |7 0 |8 P |9 373446 |a BIBEDU |b BIBEDU |c BIBEDU_PB |d 2019-11-21 |i 385941K |o 616.84 CHR 1987 |p 385941K |r 2019-11-21 |w 2019-11-21 |y BK |k BME | ||